000 00698nam a22002297a 4500
003 KOHA_MİRAKIL
005 20260511071342.0
008 260507b tu ||||| |||| 00| 0 tur d
020 _a9751706289
040 _aTR-AnABB
_btur
_cTR-AnABB
041 _atur
082 _a956.102 3
_bAYD 2002
100 1 _aAydınel, Sıtkı
245 1 0 _aGüneybatı Anadolu kuva-yı milliye harekatı /
_cSıtkı Aydınel
260 _aAnkara :
_bKültür Bakanlığı ,
_c2002
300 _a434 sayfa ;
_c20 cm.
490 0 _aKültür Bakanlığı ;
_v1154
490 0 _aKaynak eserler ;
_v40
650 0 4 _aTarih, Kurtuluş Savaşı
900 _bCan ÇELIK
942 _2ddc
_cBK
999 _c10380
_d10380